[Event "Tel Aviv-B"]
[Site "Tel Aviv"]
[Date "1992.??.??"]
[Round "2"]
[White "Pein, Malcolm"]
[Black "Har Zvi, Ronen"]
[Result "1-0"]
[WhiteElo "2450"]
[BlackElo "2350"]

1.d4 Nf6 2.c4 g6 3.Nc3 Bg7 4.e4 d6 5.Be2 O-O 6.Nf3 e5 7.O-O Nc6 8.d5 Ne7
9.Ne1 Nd7 10.Be3 f5 11.f3 f4 12.Bf2 g5 13.a4 Nf6 14.c5 Rf7 15.a5 Ng6 16.cxd6 cxd6
17.Nb5 g4 18.fxg4 Nxe4 19.Bxa7 Bd7 20.Bb6 Qe7 21.Rc1 Ng5 22.Nf3 Nxf3+ 23.gxf3 h5
24.Nc7 Rc8 25.Ne6 Rxc1 26.Qxc1 Bxe6 27.dxe6 Qxe6 28.Rd1 d5 29.Qd2 Ne7 30.h3 Qf6
31.Bf1 Rf8 32.Bc5 Rd8 33.Qb4 Nc6 34.Qxb7 Nd4 35.Bxd4 exd4 36.a6 d3 37.Rxd3 Qxb2
38.Qxb2 Bxb2 39.Rxd5 Rc8 40.Rg5+ Kf8 41.Rf5+ Kg7 42.Rxf4 hxg4 43.hxg4 Ba3
44.Rc4 Rd8 45.f4 Bd6 46.Kg2 Rb8 47.Kf3  1-0

[Event "Tilburg"]
[Site "Tilburg"]
[Date "1992.??.??"]
[Round "1"]
[White "Oll, Lembit"]
[Black "Shirov, Alexei"]
[Result "1/2-1/2"]
[WhiteElo "2600"]
[BlackElo "2710"]

1.d4 Nf6 2.c4 g6 3.Nc3 Bg7 4.e4 d6 5.Nf3 O-O 6.Be2 e5 7.O-O Nc6 8.d5 Ne7
9.Bg5 Nh5 10.Ne1 Nf4 11.Nd3 Nxe2+ 12.Qxe2 h6 13.Bd2 g5 14.h4 g4 15.f4 gxf3
16.Qxf3 f5 17.Qh5 Rf6 18.g4 f4 19.g5 hxg5 20.hxg5 Rg6 21.Kf2 c6 22.Rh1 cxd5
23.cxd5 Qb6+ 24.Ke2 Bd7 25.Rhf1 Kf7 26.Bxf4 exf4 27.Rxf4+ Ke8 28.Raf1 Kd8
29.Rf8+ Be8 30.e5 Rc8 31.Rxe8+ Kxe8 32.Ne4 dxe5 33.d6 Rc4 34.Nf6+ Bxf6 35.gxf6 Re4+
36.Kd1 Qe3 37.f7+ Kd7 38.Qf3 Qxf3+ 39.Rxf3 Rg1+ 40.Kd2 Rg2+ 41.Kd1 Ng6 42.Nc5+  1/2-1/2

[Event "Toronto"]
[Site "Toronto"]
[Date "1992.??.??"]
[Round "?"]
[White "Livshits, Ron"]
[Black "Southam, David"]
[Result "1-0"]
[WhiteElo "2310"]
[BlackElo "2270"]

1.Nf3 g6 2.d4 Nf6 3.c4 Bg7 4.Nc3 d6 5.e4 O-O 6.Be2 e5 7.O-O Nc6 8.d5 Ne7
9.Ne1 Nd7 10.f3 f5 11.g4 Nf6 12.Be3 f4 13.Bf2 g5 14.b4 h5 15.h3 Kf7 16.Nd3 Rh8
17.Kg2 Rh6 18.Rh1 a6 19.c5 Ng6 20.cxd6 cxd6 21.Na4 Nd7 22.Rc1 b5 23.Nc3 Nf6
24.a4 Bd7 25.axb5 Qh8 26.bxa6 Qh7 27.a7 Rh8 28.Ra1 hxg4 29.fxg4 Rxh3 30.a8=Q Rh2+
31.Rxh2 Qxh2+ 32.Kf1 Rxa8 33.Rxa8 Qh1+ 34.Bg1 Nh4 35.Ke1 Qxg1+ 36.Kd2 Qe3+
37.Kc2 f3 38.Bf1 Bxg4 39.b5 Nd7 40.Qa1 f2 41.Qa7 Qd4 42.Nxf2  1-0

[Event "Morava-ch U20"]
[Site "Valtice"]
[Date "1992.??.??"]
[Round "6"]
[White "Buran, Jaroslav"]
[Black "Babula, Vlastimil"]
[Result "1/2-1/2"]
[WhiteElo "2070"]
[BlackElo "2340"]

1.d4 Nf6 2.c4 g6 3.Nc3 Bg7 4.e4 d6 5.Nf3 O-O 6.Be2 e5 7.O-O Nc6 8.dxe5 dxe5
9.Qxd8 Nxd8 10.Re1 Ne6 11.Bd1 Nd7 12.Be3 Ndc5 13.Bxc5 Nxc5 14.Bc2 Bg4 15.Nd2 Bh6
16.Nb3 Nxb3 17.axb3 Bd2 18.Reb1 Bxc3 19.bxc3 Rfd8 20.Bd1 Be6 21.Be2 Rd2  1/2-1/2

[Event "Warsaw op"]
[Site "Warsaw"]
[Date "1992.??.??"]
[Round "7"]
[White "Loktiev, Ivan"]
[Black "Kruppa, Yuri"]
[Result "0-1"]
[WhiteElo "2295"]
[BlackElo "2475"]

1.d4 Nf6 2.c4 g6 3.Nc3 Bg7 4.e4 O-O 5.Be2 d6 6.Nf3 e5 7.O-O Nc6 8.Be3 Ng4
9.Bg5 f6 10.Bh4 g5 11.Bg3 Nh6 12.dxe5 fxe5 13.Ne1 Nd4 14.Nc2 c6 15.Rb1 Be6
16.f3 g4 17.f4 Nxe2+ 18.Qxe2 Qb6+ 19.Bf2 Qa6 20.b3 exf4 21.Nd4 Rae8 22.Nxe6 Rxe6
23.Rbc1 f3 24.Qd2 fxg2 25.Kxg2 Qa5 26.Bd4 Rxf1 27.Rxf1 Bxd4 28.Qxd4 Qh5 29.Ne2 Qh3+
30.Kg1 g3 31.Nxg3 Ng4 32.Qd2 Rg6 33.Rf3 Ne5 34.Rf4 Qh6 35.Kg2 Nd3 36.Qxd3 Qxf4
37.c5 dxc5 38.Qc4+ Kg7 39.Qc3+ Kf7 40.Qc4+ Ke8 41.Qxc5 Qxe4+ 42.Kg1 Qb1+
43.Kg2 Qxa2+ 44.Kh3 Qxb3  0-1

[Event "Wiesbaden op"]
[Site "Wiesbaden"]
[Date "1992.??.??"]
[Round "?"]
[White "Schwarz, Peter"]
[Black "Stillger, Bernhard"]
[Result "1-0"]
[WhiteElo "2290"]
[BlackElo "2235"]

1.d4 Nf6 2.c4 g6 3.Nc3 Bg7 4.e4 d6 5.Nf3 O-O 6.Be2 e5 7.O-O Nc6 8.d5 Ne7
9.Ne1 Nd7 10.Nd3 f5 11.Bd2 Nf6 12.f3 f4 13.Rc1 g5 14.c5 Ng6 15.cxd6 cxd6
16.Nb5 Rf7 17.Qc2 Ne8 18.a4 h5 19.Nf2 Bf8 20.h3 Rg7 21.Qb3 Bd7 22.Rc2 a6
23.Na3 b6 24.Rfc1 Nh4 25.Be1 Nf6 26.Nc4 Rb8 27.a5 g4 28.fxg4 hxg4 29.hxg4 Nxg2
30.Kxg2 Nxg4 31.Nxg4 Qg5 32.Qh3 Rb7 33.Bh4 Qh5 34.Kh2 Bxg4 35.Bxg4 Rxg4 36.Qxg4+ Qxg4
37.Rg1 Qxg1+ 38.Kxg1 bxa5 39.Nxa5 Rb4 40.Nc4 Ra4 41.Bd8 Ra1+ 42.Kf2 Rh1 43.Kf3 Rf1+
44.Kg4 Kf7 45.Kf5 Rg1 46.Bg5 Rh1 47.Nb6  1-0

[Event "Wiesbaden op"]
[Site "Wiesbaden"]
[Date "1992.??.??"]
[Round "?"]
[White "Stillger, Bernhard"]
[Black "Shirazi, Kamran G"]
[Result "1-0"]
[WhiteElo "2250"]
[BlackElo "2435"]

1.c4 g6 2.Nc3 Bg7 3.d4 d6 4.e4 Nf6 5.Nf3 O-O 6.Be2 e5 7.O-O Nc6 8.d5 Ne7
9.b4 Nh5 10.g3 f5 11.Ng5 Nf6 12.f3 a5 13.bxa5 Rxa5 14.Bd2 Ra8 15.Qb3 b6 16.a4 h6
17.Ne6 Bxe6 18.dxe6 Kh7 19.Bd3 fxe4 20.Bxe4 Nxe4 21.fxe4 Rxf1+ 22.Rxf1 Nc6
23.Nd5 Nd4 24.Qe3 Nxe6 25.Rf7 Kg8 26.Re7 Ng5 27.Rxc7 Qf8 28.Nxb6 Ra6 29.Rc8  1-0

[Event "Wisla BES op"]
[Site "Wisla"]
[Date "1992.??.??"]
[Round "2"]
[White "Sapis, Witalis"]
[Black "Zyla, Janusz"]
[Result "0-1"]
[WhiteElo "2420"]
[BlackElo "2300"]

1.d4 Nf6 2.c4 g6 3.Nc3 Bg7 4.Nf3 O-O 5.e4 d6 6.Be2 e5 7.O-O Nc6 8.d5 Ne7
9.Nd2 Nd7 10.b4 f5 11.f3 f4 12.Nb3 Nf6 13.c5 h5 14.g3 g5 15.gxf4 gxf4 16.Kh1 Kh8
17.Rg1 Nh7 18.Bd2 Bf6 19.Rc1 Ng5 20.Nb5 Nh3 21.Rg2 Ng6 22.Be1 Nh4 23.Bxh4 Bxh4
24.Qf1 Rg8 25.Nxc7 Rxg2 26.Qxg2 Nf2+ 27.Qxf2 Bxf2 28.Nxa8 Bh3 29.Bf1 Bxf1
30.Rxf1 Be3 31.cxd6 Qxa8 32.Nc5 Qd8 33.Nxb7 Qd7 34.Na5 Qh3  0-1

[Event "Wisla BES op"]
[Site "Wisla"]
[Date "1992.??.??"]
[Round "7"]
[White "Skalik, Przemyslaw"]
[Black "Yezersky, Vladimir"]
[Result "1-0"]
[WhiteElo "2375"]
[BlackElo "2295"]

1.d4 Nf6 2.c4 g6 3.Nc3 Bg7 4.e4 d6 5.Nf3 O-O 6.Be2 e5 7.O-O Nc6 8.d5 Ne7
9.b4 Nh5 10.g3 f5 11.Ng5 Nf6 12.f3 Kh8 13.Kg2 Ne8 14.c5 a5 15.cxd6 Nxd6 16.bxa5 Rxa5
17.Bd2 h6 18.Ne6 Bxe6 19.dxe6 Qa8 20.Qc1 Rc5 21.Bxh6 f4 22.Bxg7+ Kxg7 23.Qb2 Qa5
24.Rac1 Rf6 25.gxf4 exf4 26.a4 Rg5+ 27.Kh1 Qe5 28.Nd1 Qxb2 29.Nxb2 Nc6 30.Nd3 Ne8
31.Nc5 Nd4 32.Bd3 b6 33.e5 Rf8 34.Nd7 Rh8 35.Rf2 Rg3 36.Be4 Nxe6 37.Bd5 Nd4
38.Rc4 Nf5 39.Rxf4 Rg5 40.Rg4 Rgh5 41.Rfg2 R8h6 42.Re2 Rh4 43.Kg1 Nd4 44.Rd2 Nf5
45.Rxh4 Rxh4 46.Be4 Kf7 47.Nb8 Ke6 48.Rd8 Neg7 49.Nc6 Nh5 50.Bd5+  1-0

[Event "Oberliga Wuert9192"]
[Site "Wuerttemberg"]
[Date "1992.??.??"]
[Round "?"]
[White "Unrath, Heiko"]
[Black "Schlenker, Jochen"]
[Result "0-1"]
[WhiteElo "2320"]
[BlackElo "2220"]

1.d4 Nf6 2.Nf3 g6 3.c4 d6 4.Nc3 Bg7 5.e4 O-O 6.Be2 e5 7.O-O Nc6 8.d5 Ne7
9.Ne1 Nd7 10.f3 f5 11.g4 h5 12.g5 h4 13.Nd3 f4 14.Qe1 Kf7 15.Kh1 Rh8 16.Rg1 Nf8
17.c5 Rh5 18.Nb5 a6 19.Qa5 Bh3 20.Na3 b6 21.cxb6 cxb6 22.Qb4 Nc8 23.Bxf4 exf4
24.Nxf4 Qd7 25.Nxh5 gxh5 26.Nc4 Ng6 27.Qd2 b5 28.Ne3 Be5 29.Bf1 Nf4 30.Bxh3 Nxh3
31.Rgf1 Bf4 32.Qe2 Ne7 33.Ng2 Ng6 34.Nxf4 Nhxf4 35.Qd2 Qe7 36.Rac1 Ra7 37.Rc6 h3
38.Rg1 Qe5 39.Qf2 Rd7 40.Rxa6 Nd3 41.Qd2 Qd4 42.Rf1 Nge5 43.Ra8 Rc7 44.Qe2 Nf2+
45.Rxf2 Rc1+ 46.Rf1 Qxb2 47.g6+ Kf6 48.Rf8+ Kg7 49.Rf7+ Kxg6  0-1

[Event "Oberliga Wuert9192"]
[Site "Wuerttemberg"]
[Date "1992.??.??"]
[Round "?"]
[White "Stobik, Dietrich"]
[Black "Schlenker, Jochen"]
[Result "0-1"]
[WhiteElo "2310"]
[BlackElo "2220"]

1.d4 Nf6 2.c4 g6 3.Nc3 d6 4.e4 Bg7 5.Nf3 O-O 6.Be2 e5 7.O-O Nc6 8.d5 Ne7
9.b4 Nh5 10.Qb3 Nf4 11.Bxf4 exf4 12.Rad1 h6 13.c5 g5 14.e5 dxe5 15.h3 Kh8
16.d6 Ng6 17.Bc4 f5 18.Bf7 g4 19.dxc7 Qf6 20.Bxg6 gxf3 21.Bh5 fxg2 22.Rfe1 e4
23.Nxe4 fxe4 24.Rxe4 Qh4 25.Rd8 Bxh3 26.Rxa8 Rxa8 27.Qf3 Bf5 28.Qxg2 Bxe4
29.Qxe4 Qxh5  0-1

[Event "Wuerzburg op"]
[Site "Wuerzburg"]
[Date "1992.??.??"]
[Round "?"]
[White "Fuchs, Bruce"]
[Black "Uhlmann, Wolfgang"]
[Result "0-1"]
[WhiteElo "2230"]
[BlackElo "2495"]

1.d4 Nf6 2.c4 g6 3.Nc3 Bg7 4.e4 d6 5.Nf3 O-O 6.Be2 e5 7.O-O Nc6 8.d5 Ne7
9.Nd2 a5 10.a3 Bd7 11.Rb1 a4 12.b4 axb3 13.Nxb3 c5 14.Qc2 Ne8 15.Ra1 f5 16.Bd2 Nf6
17.f3 f4 18.a4 g5 19.Nb5 Ra6 20.Rfb1 Bc8 21.Qb2 Ne8 22.Qc2 h5 23.h3 Rf6 24.Nc1 Rg6
25.Nd3 Nf6 26.Nf2 Kh7 27.Ra3 Neg8 28.Rbb3 Nh6 29.a5 g4 30.fxg4 hxg4 31.hxg4 Nfxg4
32.Nxg4 Nxg4 33.Rh3+ Bh6 34.Rh5 Kg7 35.Bf3 Ne3 36.Qc1 Bd7 37.Kf2 Ra8 38.Ra4 Qe8
39.Rxh6 Rxh6 40.Bxe3 fxe3+ 41.Qxe3 Bxb5 42.cxb5 Qxb5 43.Qg5+ Rg6 44.Qe7+ Kg8
45.Ra2 Rf8 46.Rd2 c4 47.Rd1 Qc5+  0-1

[Event "Zalaegerszeg op"]
[Site "Zalaegerszeg"]
[Date "1992.??.??"]
[Round "?"]
[White "Petran, Pal"]
[Black "Jeric, Simon"]
[Result "1/2-1/2"]
[WhiteElo "2485"]
[BlackElo "2305"]

1.d4 Nf6 2.c4 g6 3.Nc3 Bg7 4.e4 d6 5.Nf3 O-O 6.Be2 e5 7.O-O Nc6 8.d5 Ne7
9.Nd2 a5 10.a3 Nd7 11.Rb1 f5 12.b4 Kh8 13.Qc2 Nf6 14.f3 f4 15.c5 axb4 16.axb4 g5
17.Nb5 Ne8 18.Bb2 Bd7 19.Ra1 Rxa1 20.Rxa1 h5 21.Rc1 Ng6 22.cxd6 cxd6 23.Nc7 Nh4
24.Ne6 Bxe6 25.dxe6 g4 26.fxg4 Qb6+ 27.Kh1 Qf2 28.Bf3 Nxf3 29.Nxf3 Qxc2 30.Rxc2 hxg4
31.Nh4 Rf6 32.e7 Kg8 33.Nf5 Kf7 34.g3 Re6 35.Rc8 Bf6 36.Rb8 Bxe7 37.Rxb7 Nf6
38.gxf4 exf4 39.Nh6+ Kg6 40.Bxf6 Bxf6 41.Nxg4 Rxe4 42.Nxf6 Kxf6 43.Kg2 Re2+  1/2-1/2

[Event "Zuerich op"]
[Site "Zuerich"]
[Date "1992.??.??"]
[Round "?"]
[White "Meyer, P."]
[Black "Chiong, Luiz"]
[Result "0-1"]
[WhiteElo "2365"]
[BlackElo "2365"]

1.Nf3 Nf6 2.c4 g6 3.Nc3 Bg7 4.e4 d6 5.d4 O-O 6.Be2 e5 7.O-O Nc6 8.d5 Ne7
9.b4 Nh5 10.g3 f5 11.Ng5 Nf6 12.f3 c6 13.Be3 cxd5 14.cxd5 Bh6 15.Qd2 Nh5
16.f4 exf4 17.gxf4 fxe4 18.Bxh5 gxh5 19.Qg2 Bg7 20.Rad1 Nf5 21.Bd2 e3 22.Be1 Qe7
23.Ne2 h6 24.Nf3 Kh8 25.Kh1 Bd7 26.Nfg1 Rac8 27.Qf3 h4 28.Rc1 Rxc1 29.Nxc1 Bb5
30.Nge2 Bc4 31.Rg1 Qf7 32.Nc3 Bxc3 33.Bxc3+ Kh7 34.Rd1 Re8 35.Ne2 Bxa2 36.Kg1 Bb3
37.Rd3 Bc2 38.Nc1 Qg6+ 39.Kh1 Rg8 40.Qf1 h3 41.Be1 Bxd3 42.Nxd3 Nh4 43.Bg3 Qe4+  0-1

[Event "DEN-chJ"]
[Site "Aarhus"]
[Date "1993.??.??"]
[Round "7"]
[White "Lauridsen, Jesper Morck"]
[Black "Lindfeldt, Jan Magnus"]
[Result "0-1"]
[WhiteElo "2180"]
[BlackElo "2110"]

1.d4 Nf6 2.c4 g6 3.Nc3 Bg7 4.e4 d6 5.Nf3 O-O 6.Be2 e5 7.O-O Nc6 8.d5 Ne7
9.Kh1 Nh5 10.Ng1 Nf4 11.Bf3 f5 12.g3 fxe4 13.Nxe4 Nh3 14.Nxh3 Bxh3 15.Re1 Nf5
16.Ng5 Nd4 17.Bg4 Bxg4 18.Qxg4 Rxf2 19.Qh3 h6 20.Ne4 Rf5 21.g4 Rf3 22.Qg2 Qh4
23.Re3 Raf8 24.Rxf3 Qe1+ 25.Qg1 Qxe4  0-1

[Event "DEN-chJ"]
[Site "Aarhus"]
[Date "1993.??.??"]
[Round "8"]
[White "Lauridsen, Jesper Morck"]
[Black "Borbjerggaard, Lars"]
[Result "0-1"]
[WhiteElo "2180"]
[BlackElo "2215"]

1.d4 Nf6 2.c4 g6 3.Nc3 Bg7 4.e4 d6 5.Nf3 O-O 6.Be2 e5 7.O-O Nc6 8.d5 Ne7
9.b4 Nh5 10.c5 Nf4 11.Bxf4 exf4 12.Rc1 h6 13.Nd4 c6 14.Bc4 a5 15.bxa5 cxd5
16.exd5 dxc5 17.Nb3 Nf5 18.Re1 Nd6 19.Bf1 c4 20.Nd2 Qxa5 21.Qf3 b5 22.Nde4 Nxe4
23.Nxe4 g5 24.h4 f5 25.Nxg5 hxg5 26.hxg5 Qd8 27.d6 Rxa2 28.Rxc4 Rd2 29.Rxc8 Qxc8
30.Qb3+ Kh7 31.Re6 f3 32.g6+ Kh6 33.d7 Qxd7 34.Rb6 Qd4 35.Be2 Rxe2 36.Qxf3 Rxf2
37.Qxf2 Qxf2+ 38.Kxf2 Bd4+ 39.Kf3 Bxb6 40.Kf4  0-1

[Event "Aggtelek op"]
[Site "Aggtelek"]
[Date "1993.??.??"]
[Round "8"]
[White "Sleisz, Tamas"]
[Black "Tengely, Szabolcs"]
[Result "1-0"]
[WhiteElo "2215"]
[BlackElo "2210"]

1.d4 Nf6 2.c4 g6 3.Nc3 Bg7 4.e4 d6 5.Nf3 O-O 6.Be2 e5 7.O-O Nc6 8.d5 Ne7
9.Ne1 Nd7 10.Be3 f5 11.f3 f4 12.Bf2 g5 13.g4 Nf6 14.Nd3 Ng6 15.h3 Rf7 16.c5 Bf8
17.cxd6 Bxd6 18.Kg2 h5 19.Qc2 Rh7 20.Rh1 Bd7 21.b4 Kf7 22.Nc5 Qh8 23.Nxd7 Nxd7
24.Nb5 hxg4 25.hxg4 Nh4+ 26.Bxh4 Rxh4 27.Nxd6+ cxd6 28.Qc7 Ke7 29.Bb5 Qe8
30.Rxh4 gxh4 31.Qxd7+ Qxd7 32.Bxd7 Kxd7 33.Rc1 a5 34.b5 a4 35.b6 Ra5 36.Rc7+ Kd8
37.Rxb7 Rb5 38.Kh3 Rb2 39.Kxh4 Rxa2 40.g5 a3 41.Kg4 Rf2 42.Ra7 a2 43.g6 Rg2+
44.Kf5 Kc8 45.g7 Rxg7 46.Rxa2 Rg3 47.Ra3 Kb7 48.Rb3 Rh3 49.Rc3 Rh6 50.Rc6 Rh5+
51.Kg4 Rh6 52.Kg5 Rh3 53.Rxd6 Rxf3 54.Kf5 Rf1 55.Kxe5 f3 56.Rf6 f2 57.d6 Kxb6
58.Ke6 Re1 59.Rxf2 Rxe4+ 60.Kd7 Kb7 61.Rb2+ Ka7 62.Kc7 Rc4+ 63.Kd8 Rc1 64.Rb4 Rh1
65.d7 Re1 66.Kc7 Rc1+ 67.Kd6 Rd1+ 68.Kc6 Ka8 69.d8=Q+ Rxd8 70.Kc7  1-0

[Event "Altensteig-B"]
[Site "Altensteig"]
[Date "1993.??.??"]
[Round "9"]
[White "Panzalovic, Srdjan"]
[Black "Kloepfer, Markus"]
[Result "1-0"]
[WhiteElo "2390"]
[BlackElo "2195"]

1.d4 Nf6 2.Nf3 g6 3.c4 Bg7 4.Nc3 O-O 5.e4 d6 6.Be2 e5 7.O-O Nc6 8.d5 Ne7
9.Ne1 Nd7 10.Nd3 f5 11.Bd2 Nf6 12.f3 f4 13.c5 g5 14.cxd6 cxd6 15.Nf2 Ng6
16.Qc2 Rf7 17.Rfc1 Ne8 18.a4 h5 19.h3 Bf8 20.a5 Nh4 21.Qd1 Nf6 22.Ra3 Rg7
23.Be1 g4 24.fxg4 hxg4 25.hxg4 Nh5 26.Nb5 Ng3 27.Rxg3 fxg3 28.Nh3 a6 29.Na3 b5
30.Bxg3 Be7 31.Nc2 Bg5 32.Ra1 Bd7 33.Nb4 Be3+ 34.Kh2 Ng6 35.Nc6 Qc8 36.Ra3 Bc5
37.b4 Ba7 38.g5 Ne7 39.Rc3 Qb7 40.Bg4  1-0

[Event "Altensteig-B"]
[Site "Altensteig"]
[Date "1993.??.??"]
[Round "11"]
[White "Schmitt, Axel"]
[Black "Kloepfer, Markus"]
[Result "1-0"]
[WhiteElo "2345"]
[BlackElo "2195"]

1.c4 g6 2.e4 Bg7 3.d4 d6 4.Nc3 Nf6 5.Nf3 O-O 6.Be2 e5 7.O-O Nc6 8.d5 Ne7
9.Ne1 Nd7 10.Be3 f5 11.f3 h6 12.a4 g5 13.a5 Nf6 14.Nd3 Ng6 15.c5 Nf4 16.a6 b6
17.cxb6 cxb6 18.exf5 Bxf5 19.Nf2 Rc8 20.Nfe4 Qe7 21.Bb5 Ne8 22.g3 Ng6 23.Ra4 Nc7
24.Be2 Rcd8 25.Qb3 Bd7 26.Raa1 Bc8 27.Rfc1 Rf5 28.Nb5 Nxb5 29.Qxb5 Bd7 30.Qb4 Be8
31.Ra3 Qf7 32.Rac3 Bf8 33.Rc7 Rd7 34.Rc8 Rxf3 35.Bd2 Rf5 36.Bg4 Rf3 37.Be6  1-0

[Event "Alushta3"]
[Site "Alushta"]
[Date "1993.??.??"]
[Round "?"]
[White "Fish, Gannadij"]
[Black "Tosic, Miroslav"]
[Result "1/2-1/2"]
[WhiteElo "2440"]
[BlackElo "2465"]

1.d4 Nf6 2.c4 g6 3.Nc3 Bg7 4.e4 d6 5.Be2 O-O 6.Nf3 e5 7.O-O Nc6 8.Be3 Ng4
9.Bg5 f6 10.Bh4 Nh6 11.dxe5 dxe5 12.Qxd8 Nxd8 13.Nd5 Ne6 14.c5 c6 15.Ne7+ Kf7
16.Nxc8 Raxc8 17.Bc4 Ke7 18.b4 Nf7 19.Rfd1 Rfd8 20.Kf1 Bh6 21.Bg3 Nfg5 22.Nxg5 Bxg5
23.Bxe6 Kxe6  1/2-1/2

[Event "Andorra op"]
[Site "Andorra"]
[Date "1993.??.??"]
[Round "4"]
[White "Tisdall, Jonathan D"]
[Black "Kolev, Atanas"]
[Result "1-0"]
[WhiteElo "2465"]
[BlackElo "2500"]

1.Nf3 Nf6 2.c4 g6 3.Nc3 Bg7 4.e4 d6 5.d4 O-O 6.Be2 e5 7.O-O Nc6 8.d5 Ne7
9.b4 Nh5 10.g3 f5 11.Ng5 Nf6 12.f3 c6 13.Kg2 h6 14.Nh3 cxd5 15.exd5 g5 16.Bd2 Kh8
17.Nf2 a6 18.a4 Ng6 19.Ra3 Qe7 20.a5 Bd7 21.Na4 Rad8 22.Nb6 Be8 23.Qc2 Nd7
24.Na4 e4 25.fxe4 f4 26.Bg4 Nde5 27.Bf5 Qf7 28.Nb6 Ne7 29.Be6 Qg6 30.gxf4 gxf4+
31.Kh1 Qh7 32.Rh3 Bg6 33.Re1 Bf7 34.Bxf7 Nxf7 35.Bxf4 Be5 36.Be3 Rg8 37.Qc1 Rg6
38.Nd3 Rdg8 39.Nxe5 Nxe5 40.Bd4 Rf6 41.Nd7 Qg6 42.Rg3 Rf1+ 43.Rxf1 Qxe4+
44.Rgf3 Rg6 45.Bxe5+ dxe5 46.Nc5  1-0

[Event "AUT-chT"]
[Site "?"]
[Date "1993.??.??"]
[Round "?"]
[White "Foessmeier, Ulrich"]
[Black "Frosch, Erich"]
[Result "0-1"]
[WhiteElo "2310"]
[BlackElo "2300"]

1.d4 Nf6 2.c4 g6 3.Nc3 Bg7 4.e4 d6 5.Be2 O-O 6.Nf3 e5 7.O-O Nc6 8.d5 Ne7
9.Ne1 Nd7 10.Nd3 f5 11.Bd2 Nf6 12.f3 f4 13.g4 g5 14.Be1 Ng6 15.Kg2 h5 16.h3 Kf7
17.Rh1 Rh8 18.Bf2 Bd7 19.c5 hxg4 20.hxg4 Rxh1 21.Qxh1 Qe7 22.cxd6 cxd6 23.Qd1 a6
24.Qb3 b5 25.Nb4 Nh4+ 26.Bxh4 gxh4 27.Rh1 Nh7 28.Nc6 Qf6 29.Nd1 Ng5 30.Nf2 Kg6
31.Nh3 Rf8 32.Nxg5 Kxg5 33.Kf2 Rh8 34.Bf1 Qf7 35.Na5 Rc8 36.Kg2 Bf6 37.Bd3 Bxg4
38.fxg4 f3+ 39.Kxf3 Bd8+ 40.Kg2 Qf4 41.Bb1 Bxa5 42.Qf3 Qxf3+ 43.Kxf3 Bb6
44.Kg2 Rf8 45.Kh3 Rf3+ 46.Kg2 Rg3+ 47.Kh2 Kxg4 48.Rf1 h3 49.b3 Rg2+ 50.Kh1 Kg3  0-1

[Event "AUT-chT"]
[Site "?"]
[Date "1993.??.??"]
[Round "?"]
[White "Herndl, Harald"]
[Black "Rolletschek, Heinrich"]
[Result "1-0"]
[WhiteElo "2260"]
[BlackElo "2370"]

1.d4 Nf6 2.c4 g6 3.Nc3 Bg7 4.e4 d6 5.Nf3 O-O 6.Be2 e5 7.O-O Nc6 8.d5 Ne7
9.b4 Ne8 10.c5 f5 11.Ng5 h6 12.Ne6 Bxe6 13.dxe6 fxe4 14.cxd6 cxd6 15.Nxe4 b6
16.Qb3 d5 17.Rd1 Qc8 18.Nc3 Nf6 19.b5 d4 20.Ba3 Qc7 21.Na4 Rac8 22.Rac1 Qb7
23.Bd6 Rxc1 24.Rxc1 Ne8 25.Bxe7 Qxe7 26.Bd3 Kh7 27.Nb2 Nd6 28.Qd5 Rf6 29.Rc6 Rxe6
30.Bc4 Nxc4 31.Rxe6 Qb4 32.Qxc4 Qxb2 33.h4 Qd2 34.h5 Qd1+ 35.Qf1 Qxh5 36.Qd3 Qg5
37.Qe4 Qh5 38.g3 Qg5 39.Qb7 d3 40.Re7 Qf6 41.Rf7 d2 42.Rxf6 d1=Q+ 43.Kg2 e4
44.Rf7 Qd4 45.Re7 Qb2 46.Qxe4 Qxa2 47.Re6 Kh8 48.Qxg6 Qd5+ 49.Kh2 Qf3 50.Re8+ Bf8
51.Qxh6+ Kg8 52.Rxf8+  1-0

[Event "AUT-chT"]
[Site "?"]
[Date "1993.??.??"]
[Round "?"]
[White "Horvath, Jozsef"]
[Black "Uhlmann, Wolfgang"]
[Result "1/2-1/2"]
[WhiteElo "2505"]
[BlackElo "2480"]

1.d4 Nf6 2.c4 g6 3.Nc3 Bg7 4.e4 d6 5.Nf3 O-O 6.Be2 e5 7.O-O Nc6 8.Be3 Ng4
9.Bg5 f6 10.Bc1 Kh8 11.d5 Ne7 12.Nd2 Nh6 13.b4 f5 14.c5 fxe4 15.Ndxe4 Nhf5
16.Bg4 Nd4 17.Bg5 Bf5 18.Rc1 h6 19.Bxe7 Qxe7 20.h3 a5 21.cxd6 cxd6 22.bxa5 Rxa5
23.Nd2 Rc8 24.Nb3 Nxb3 25.Qxb3 Rac5 26.Bxf5 gxf5 27.Ne2 Qf7 28.Rxc5 Rxc5
29.Rd1 Qh5 30.Ng3 Qg6 31.Qxb7 f4 32.Nf1 h5 33.Re1 f3 34.g3 Bh6 35.Nh2 Rc3
36.Qb8+ Kh7 37.Qb7+ Bg7 38.Qb4 Rd3 39.Qe4 Qxe4 40.Rxe4 Rd1+ 41.Nf1 Bh6 42.Rb4 Rxd5
43.Rb3 e4 44.Rb4 Re5 45.Rd4 d5 46.a4 Kg6 47.a5 Kf6 48.a6 Re6 49.Rxd5 Rxa6
50.Rxh5 Bc1 51.g4 Ra1 52.Rf5+ Ke6 53.Rf8 Ke7 54.Rf5 Ke6 55.Rf8 Bg5 56.Re8+ Kd5
57.Rg8 Bf4 58.Re8 Bg5 59.Rg8 Bf4 60.Re8 Bg5  1/2-1/2

[Event "AUT-chT"]
[Site "?"]
[Date "1993.??.??"]
[Round "?"]
[White "Kaspret, Guido"]
[Black "Schumi, Manfred"]
[Result "1/2-1/2"]
[WhiteElo "2310"]
[BlackElo "2240"]

1.d4 Nf6 2.c4 g6 3.Nc3 Bg7 4.e4 d6 5.Nf3 O-O 6.Be2 e5 7.O-O Nc6 8.d5 Ne7
9.Nd2 a5 10.Rb1 Nd7 11.a3 f5 12.b4 Kh8 13.Nb3 axb4 14.axb4 fxe4 15.Nxe4 Nf6
16.f3 Nf5 17.g4 Nxe4 18.fxe4 Nd4 19.Rxf8+ Qxf8 20.Nxd4 exd4 21.Bb2 Qf4 22.Bxd4 Qxe4
23.Bxg7+ Kxg7 24.Ra1 Rxa1 25.Qxa1+ Kf7 26.Qd1 Bd7 27.Kf2 Qf4+ 28.Kg2 Qe4+
29.Kf2 c6 30.dxc6 Qf4+ 31.Ke1 Bxc6 32.b5 Bh1 33.h3 b6 34.Qa1 Qg3+ 35.Kd2 Qf4+
36.Ke1 Qe3 37.Qh8 Qg3+ 38.Kd2 Qf4+ 39.Ke1 Qg3+ 40.Kd1 Qg1+ 41.Kc2 Be4+ 42.Kd2 g5  1/2-1/2

[Event "AUT-chT2S 9293"]
[Site "AUT"]
[Date "1993.??.??"]
[Round "?"]
[White "Petran, Pal"]
[Black "Podvrsnik, Marko"]
[Result "1-0"]
[WhiteElo "2485"]
[BlackElo "2245"]

1.d4 Nf6 2.c4 g6 3.Nc3 Bg7 4.e4 d6 5.Nf3 O-O 6.Be2 e5 7.O-O Nc6 8.d5 Ne7
9.Nd2 Nd7 10.b4 f5 11.c5 Nf6 12.f3 h5 13.Nc4 f4 14.a4 Ne8 15.Ba3 g5 16.a5 Rf7
17.b5 b6 18.cxd6 cxd6 19.Bb4 Rb8 20.axb6 axb6 21.Ra7 Ng6 22.Rxf7 Kxf7 23.Na4 Nf8
24.Qc2 Ke7 25.Naxb6 Nd7 26.Na4 Qc7 27.Nc3 Ra8 28.b6 Nxb6 29.Nb5 Qb8 30.Ncxd6 Bd7
31.Nxe8+ Kxe8 32.Nc7+ Kf7 33.Nxa8 Nxa8 34.Qc5 Bf6  1-0

[Event "AUT-chT2S 9293"]
[Site "AUT"]
[Date "1993.??.??"]
[Round "?"]
[White "Lazarev, Vladimir"]
[Black "Podvrsnik, Marko"]
[Result "1-0"]
[WhiteElo "2430"]
[BlackElo "2245"]

1.d4 Nf6 2.c4 g6 3.Nc3 Bg7 4.e4 d6 5.Nf3 O-O 6.Be2 e5 7.O-O Nc6 8.d5 Ne7
9.Ne1 Ne8 10.f3 f5 11.g4 Kh8 12.h4 c5 13.Ng2 Bd7 14.Rb1 a5 15.b3 Ng8 16.Be3 Ngf6
17.Bf2 Nc7 18.a3 Qe7 19.Ne3 Rf7 20.Kg2 Raf8 21.Be1 b6 22.Rf2 Bc8 23.Kg1 fxg4
24.fxg4 Nfe8 25.Rxf7 Qxf7 26.Bg3 Bf6 27.Na4 Na8 28.b4 axb4 29.axb4 Bd7 30.bxc5 bxc5
31.Rb7 Nac7 32.Nb6 Qe7 33.Ng2 Qd8 34.g5 Bg7 35.Bg4 Bxg4 36.Qxg4 Rf7 37.h5 gxh5
38.Qxh5 Kg8 39.Nh4 Qe7 40.Nf5 Qf8 41.Nc8 Rd7 42.Rb8 Qf7 43.Qg4 Bf8 44.Nb6 Re7
45.Nxe7+ Bxe7 46.Nd7 Qg6 47.Qf5 Qh5 48.Kg2 Qe2+ 49.Bf2 Qh5 50.Nf6+ Bxf6 51.gxf6 Qxf5
52.exf5 Kf7 53.Bh4 h6 54.Rd8 Nxf6 55.Rxd6 Nce8 56.Re6 Ng4 57.Kf3 Nef6 58.d6 e4+
59.Ke2 Nh5  1-0

[Event "Avesta op"]
[Site "Avesta"]
[Date "1993.??.??"]
[Round "?"]
[White "Dzevlan, Miralem"]
[Black "Engqvist, Thomas"]
[Result "0-1"]
[WhiteElo "2395"]
[BlackElo "2420"]

1.d4 Nf6 2.c4 g6 3.Nc3 Bg7 4.e4 d6 5.Nf3 O-O 6.Be2 e5 7.O-O Nc6 8.d5 Ne7
9.Nd2 Kh8 10.b4 a5 11.bxa5 Rxa5 12.Nb3 Ra8 13.c5 Ne8 14.Be3 f5 15.f3 dxc5
16.Bxc5 Nd6 17.Qc2 Bd7 18.a4 b6 19.Be3 Ng8 20.Nb5 fxe4 21.fxe4 Rxf1+ 22.Rxf1 Rxa4
23.Nc5 Ra8 24.Nxd6 cxd6 25.Nxd7 Qxd7 26.Qc6 Qa7 27.Qxd6 Qa2 28.Bf3 b5 29.Qc6 b4
30.Bd1 Ra3 31.Bc5 Rc3 32.Qb5 b3 33.Qb4 b2  0-1

[Event "Avoine Ronde op"]
[Site "Avoine"]
[Date "1993.??.??"]
[Round "?"]
[White "Bodicker, Rob"]
[Black "Rouillon, Ludovic"]
[Result "0-1"]
[WhiteElo "2105"]
[BlackElo "1830"]

1.d4 Nf6 2.c4 g6 3.Nc3 Bg7 4.e4 d6 5.Be2 O-O 6.Nf3 e5 7.O-O Nc6 8.d5 Ne7
9.Ne1 Ne8 10.Nd3 f5 11.Bd2 Nf6 12.f3 f4 13.c5 g5 14.cxd6 cxd6 15.a4 Ng6 16.Nf2 h5
17.Nb5 Rf7 18.a5 Bf8 19.Ra3 Rg7 20.Qc2 g4 21.fxg4 hxg4 22.Rc1 Nh4 23.Bf1 Nh5
24.Nc7 Rb8 25.Ne6 Bxe6 26.dxe6 g3 27.hxg3 Nxg3 28.Bc4 Be7 29.Qd1 Qf8 30.Ng4 Rg6
31.Be1 Qg7 32.Rxg3 fxg3 33.Ne3 Qh6 34.Nd5 Bg5 35.Rc3 Nxg2 36.Rxg3 Nxe1 37.Qxe1 Bh4
38.Rxg6+ Qxg6+ 39.Kf1 Rf8+  0-1

[Event "Baden-Baden op"]
[Site "Baden-Baden"]
[Date "1993.??.??"]
[Round "5"]
[White "Sandstrom, Ludvig"]
[Black "Kachiani Gersinska, Ketino"]
[Result "1/2-1/2"]
[WhiteElo "2300"]
[BlackElo "2410"]

1.d4 Nf6 2.c4 g6 3.Nc3 Bg7 4.e4 d6 5.Be2 O-O 6.Nf3 e5 7.O-O Nc6 8.d5 Ne7
9.Ne1 Ne8 10.f3 f5 11.g4 h5 12.g5 c5 13.h4 Nc7 14.Nd3 a5 15.Be3 b6  1/2-1/2

[Event "Balatonfuzfo"]
[Site "Balatonfuzfo"]
[Date "1993.??.??"]
[Round "9"]
[White "Izsak, Gyula"]
[Black "Fancsy, Imre"]
[Result "1/2-1/2"]
[WhiteElo "2395"]
[BlackElo "2300"]

1.d4 Nf6 2.c4 g6 3.Nc3 Bg7 4.e4 d6 5.Nf3 O-O 6.Be2 e5 7.O-O Nc6 8.Be3 Ng4
9.Bg5 f6 10.Bh4 g5 11.Bg3 Nh6 12.dxe5 fxe5 13.h3 Nf7 14.c5 dxc5 15.Bc4 h6
16.Bxf7+ Kxf7 17.Qd5+ Qxd5 18.exd5 Nd4 19.Nxe5+ Kg8 20.Rad1 Bf5 21.Nd3 Bxd3
22.Rxd3 Rf7 23.Re1 Rd8 24.Rde3 Rfd7 25.Re8+ Rxe8 26.Rxe8+ Kf7 27.Rc8 c6 28.dxc6 Nxc6
29.Ne4 Bd4 30.Nd6+ Ke6 31.Nc4 Rd8 32.Rc7 Rd7 33.Rc8 Rd8 34.Rc7  1/2-1/2